000
00226nam a22000977a 4500
041
_a
ENG
100
_a
Bhupendra chhabara
245
_a
Digital Electronics & microprcessors
260
_a
Dilhi
_b
Dhanpat Rai
_c
1999
300
_a
436
999
_c
3252
_d
3252